[Event "Oberliga Sued W 2122"]
[Site "Germany"]
[Date "2022.05.01"]
[Round "9.3"]
[White "Prestel, Oliver"]
[Black "Heidorn, Oliver"]
[Result "1/2-1/2"]
[WhiteElo "2069"]
[BlackElo "2115"]
[PlyCount "73"]
[EventDate "2021.10.24"]
[EventType "team-tourn"]
[EventRounds "9"]
[EventCountry "GER"]
[SourceTitle "EXT 2023"]
[Source "ChessBase"]
[SourceDate "2022.10.05"]
[SourceVersion "1"]
[SourceVersionDate "2022.10.05"]
[SourceQuality "1"]
[WhiteTeam "Frankenthal"]
[BlackTeam "Altenkirchen"]
[WhiteTeamCountry "GER"]
[BlackTeamCountry "GER"]

1. d4 Nf6 2. c4 e6 3. Nf3 Bb4+ 4. Nbd2 c5 5. a3 Bxd2+ 6. Qxd2 cxd4 7. Nxd4 0-0 8. g3 d5 9. cxd5 Qxd5 10. Nf3 Bd7 11. Qxd5 Nxd5 12. Bg2 Nc6 13. 0-0 Na5 14. Nd4 Ba4 15. Bd2 Nb3 16. Nxb3 Bxb3 17. Rac1 Rfd8 18. h3 h6 19. e4 Nf6 20. Be3 Ba4 21. g4 Bc6 22. g5 hxg5 23. Bxg5 Rd4 24. f3 e5 25. Rfd1 Rad8 26. Rxd4 Rxd4 27. Be3 Rd3 28. Kf2 Nh5 29. Bf1 Rd6 30. Rc2 Rf6 31. Bg5 Rg6 32. h4 Nf4 33. Rd2 Ne6 34. Be3 Rf6 35. Kg2 Nf4+ 36. Kg3 Rg6+ 37. Kf2 1/2-1/2

[Event "Oberliga Sued W 1920"]
[Site "Germany"]
[Date "2021.07.11"]
[Round "8.1"]
[White "Pucher, Sebastien"]
[Black "Prestel, Oliver"]
[Result "1-0"]
[WhiteElo "2269"]
[BlackElo "2089"]
[PlyCount "91"]
[EventDate "2019.09.29"]
[EventType "team-tourn"]
[EventRounds "9"]
[EventCountry "GER"]
[SourceTitle "EXT 2023"]
[Source "ChessBase"]
[SourceDate "2022.10.05"]
[SourceVersion "1"]
[SourceVersionDate "2022.10.05"]
[SourceQuality "1"]
[WhiteTeam "Saarbruecken Gambit"]
[BlackTeam "Frankenthal"]
[WhiteTeamCountry "GER"]
[BlackTeamCountry "GER"]

1. c4 e5 2. g3 Nf6 3. Bg2 d5 4. cxd5 Nxd5 5. Nf3 Nc6 6. 0-0 Be7 7. d4 exd4 8. Nxd4 Ndb4 9. Nxc6 Nxc6 10. Bxc6+ bxc6 11. Qxd8+ Bxd8 12. Nc3 Rb8 13. b3 0-0 14. Be3 Bf6 15. Rac1 Ba6 16. Rfe1 Rfe8 17. Bxa7 Ra8 18. Be3 h5 19. Kf1 h4 20. Red1 hxg3 21. hxg3 Be5 22. Bd4 Bd6 23. Rc2 c5 24. Be3 c4 25. Bf4 cxb3 26. axb3 Bb4 27. Nd5 Ba5 28. Nxc7 Bxc7 29. Bxc7 Rac8 30. Rdc1 g5 31. Ke1 Re7 32. e3 f5 33. Bd6 Rxc2 34. Rxc2 Rd7 35. Be5 Rd5 36. Bd4 Rd7 37. Rc6 Bd3 38. Kd2 Be4 39. Rg6+ Kh7 40. Rxg5 Rc7 41. Bc3 Kh6 42. f4 Rd7+ 43. Bd4 Rc7 44. b4 Rc2+ 45. Kd1 Rg2 46. b5 1-0

[Event "Oberliga Sued W 1920"]
[Site "Germany"]
[Date "2019.12.08"]
[Round "4.5"]
[White "Faldum, Manfred"]
[Black "Prestel, Oliver"]
[Result "1-0"]
[WhiteElo "2051"]
[BlackElo "2145"]
[PlyCount "63"]
[EventDate "2019.09.29"]
[EventType "team-tourn"]
[EventRounds "9"]
[EventCountry "GER"]
[SourceTitle "EXT 2021"]
[Source "ChessBase"]
[SourceDate "2020.10.23"]
[SourceVersion "1"]
[SourceVersionDate "2020.10.23"]
[SourceQuality "1"]

1. Nf3 d5 2. g3 Bg4 3. Bg2 Nd7 4. c4 c6 5. cxd5 cxd5 6. Qa4 Ngf6 7. Nc3 e6 8. Ne5 Bf5 9. d3 Be7 10. e4 dxe4 11. dxe4 Bg4 12. h3 Bh5 13. g4 Bg6 14. 0-0 a6 15. Nxg6 hxg6 16. e5 Nd5 17. Nxd5 exd5 18. Rd1 b5 19. Qd4 Nb6 20. Be3 Rb8 21. e6 Bf6 22. exf7+ Kxf7 23. Qf4 g5 24. Qf3 Kg6 25. Qf5+ Kh6 26. Bxd5 g6 27. Qf3 Qe7 28. Rd2 Rhf8 29. Qg3 Be5 30. Qh4+ Kg7 31. Bxg5 Bh2+ 32. Kh1 1-0

[Event "Oberliga Sued W 1920"]
[Site "Germany"]
[Date "2019.09.29"]
[Round "1.5"]
[White "Prestel, Oliver"]
[Black "Ronge, Tim Hendrick"]
[Result "1/2-1/2"]
[WhiteElo "2145"]
[BlackElo "2167"]
[PlyCount "77"]
[EventDate "2019.09.29"]
[EventType "team-tourn"]
[EventRounds "9"]
[EventCountry "GER"]
[SourceTitle "EXT 2021"]
[Source "ChessBase"]
[SourceDate "2020.10.23"]
[SourceVersion "1"]
[SourceVersionDate "2020.10.23"]
[SourceQuality "1"]

1. c4 e5 2. Nc3 d6 3. e4 f5 4. g3 Nf6 5. Bg2 fxe4 6. Nxe4 Nc6 7. Ne2 Be7 8. N2c3 0-0 9. 0-0 Be6 10. d3 Qd7 11. Ng5 Bg4 12. f3 Bf5 13. Be3 Rad8 14. Nge4 Nd4 15. Bxd4 exd4 16. Nb5 d5 17. Nxf6+ Bxf6 18. Na3 c6 19. cxd5 Qxd5 20. f4 Qd7 21. Re1 Rfe8 22. Qb3+ Be6 23. Qa4 a6 24. Qa5 Bf5 25. Qd2 Re3 26. Bf1 Rde8 27. Nc2 R3e7 28. Qb4 h5 29. Rxe7 Rxe7 30. Re1 h4 31. Kf2 hxg3+ 32. hxg3 Rxe1 33. Kxe1 Bg4 34. Kd2 Kh7 35. Qc5 Qf7 36. Be2 Bxe2 37. Kxe2 Qe6+ 38. Kf3 Qxa2 39. Qh5+ 1/2-1/2

[Event "Karlsruhe Grenke op"]
[Site "Karlsruhe"]
[Date "2019.04.18"]
[Round "1"]
[White "Prestel, Oliver"]
[Black "Fedorovsky, Michael"]
[Result "0-1"]
[WhiteElo "2111"]
[BlackElo "2442"]
[PlyCount "48"]
[EventDate "2019.04.18"]
[EventType "swiss"]
[EventRounds "9"]
[EventCountry "GER"]
[SourceTitle "CBM 189 Extra"]
[Source "ChessBase"]
[SourceDate "2019.06.03"]
[SourceVersion "1"]
[SourceVersionDate "2019.06.03"]
[SourceQuality "1"]

1. d4 Nf6 2. Bf4 d5 3. e3 c5 4. dxc5 Nc6 5. Bb5 g6 6. Nc3 Bg7 7. Nge2 0-0 8. Rb1 e5 9. Bxc6 exf4 10. Bxd5 fxe3 11. fxe3 Qe7 12. b4 Ng4 13. e4 Ne3 14. Qd3 Nxg2+ 15. Kf2 Nh4 16. Rhf1 Be5 17. Kg1 Qg5+ 18. Ng3 Kg7 19. Rbe1 Bh3 20. Rf2 Rad8 21. Kh1 Kg8 22. Rg1 Bxc3 23. Qxc3 Rxd5 24. Nf5 Qxg1+ 0-1

[Event "Oberliga Baden 1819"]
[Site "Baden"]
[Date "2019.04.07"]
[Round "9.6"]
[White "Prestel, Oliver"]
[Black "Eppinger, Georg"]
[Result "1/2-1/2"]
[WhiteElo "2136"]
[BlackElo "2204"]
[PlyCount "20"]
[EventDate "2018.10.21"]
[EventType "team-tourn"]
[EventRounds "9"]
[EventCountry "GER"]
[SourceTitle "EXT 2020"]
[Source "ChessBase"]
[SourceDate "2019.10.17"]
[SourceVersion "1"]
[SourceVersionDate "2019.10.17"]
[SourceQuality "1"]
[WhiteTeam "Untergrombach"]
[BlackTeam "Dreisamtal"]
[WhiteTeamCountry "GER"]
[BlackTeamCountry "GER"]

1. d4 Nf6 2. Bf4 g6 3. Nc3 c5 4. d5 Bg7 5. e4 d6 6. Bb5+ Bd7 7. a4 Qa5 8. f3 Na6 9. Nge2 Nc7 10. Bxd7+ Nxd7 1/2-1/2

[Event "Untergrombach op 36th"]
[Site "Untergrombach"]
[Date "2019.01.04"]
[Round "4"]
[White "Prestel, Oliver"]
[Black "Dauner, Benedikt"]
[Result "1/2-1/2"]
[WhiteElo "2108"]
[BlackElo "2079"]
[PlyCount "39"]
[EventDate "2019.01.02"]
[EventType "swiss"]
[EventRounds "7"]
[EventCountry "GER"]
[SourceTitle "CBM 188 Extra"]
[Source "ChessBase"]
[SourceDate "2019.02.26"]
[SourceVersion "1"]
[SourceVersionDate "2019.02.26"]
[SourceQuality "1"]

1. d4 Nf6 2. Nf3 e6 3. c4 Nc6 4. a3 d6 5. b4 g6 6. Bb2 Bg7 7. e3 0-0 8. Be2 Ne4 9. Qc2 f5 10. 0-0 Qe7 11. b5 Nb8 12. Nc3 Nxc3 13. Bxc3 Nd7 14. e4 e5 15. dxe5 Nxe5 16. Nxe5 Bxe5 17. Bxe5 Qxe5 18. exf5 Bxf5 19. Qd2 Rae8 20. Bf3 1/2-1/2

[Event "Oberliga Baden 1819"]
[Site "Baden"]
[Date "2018.11.11"]
[Round "2.7"]
[White "Buschle, Lukas"]
[Black "Prestel, Oliver"]
[Result "1-0"]
[WhiteElo "2132"]
[BlackElo "2136"]
[PlyCount "77"]
[EventDate "2018.10.21"]
[EventType "team-tourn"]
[EventRounds "9"]
[EventCountry "GER"]
[SourceTitle "EXT 2020"]
[Source "ChessBase"]
[SourceDate "2019.10.17"]
[SourceVersion "1"]
[SourceVersionDate "2019.10.17"]
[SourceQuality "1"]
[WhiteTeam "Viernheim II"]
[BlackTeam "Untergrombach"]
[WhiteTeamCountry "GER"]
[BlackTeamCountry "GER"]

1. d4 d5 2. c4 c6 3. Nc3 Nf6 4. Nf3 e6 5. e3 Nbd7 6. Bd3 dxc4 7. Bxc4 b5 8. Bd3 Bb7 9. e4 a6 10. e5 b4 11. exf6 bxc3 12. fxg7 Bxg7 13. bxc3 c5 14. 0-0 Bxf3 15. Qxf3 cxd4 16. Be4 Rc8 17. cxd4 Bxd4 18. Rb1 Qh4 19. Bc6 Qf6 20. Qxf6 Bxf6 21. Ba4 Rc4 22. Rb8+ Bd8 23. Bg5 f6 24. Bxf6 Kf7 25. Bxh8 Nxb8 26. Bb3 Re4 27. Rd1 Bb6 28. Kf1 Ke7 29. f3 Rh4 30. Re1 Rh6 31. Be5 Nd7 32. Bf4 Rg6 33. h4 h6 34. h5 Rf6 35. Bg3 Ba5 36. Re2 e5 37. Bh4 Bc3 38. Rc2 Bd4 39. Rc7 1-0

[Event "Untergrombach-ch 35th"]
[Site "Untergrombach"]
[Date "2018.01.02"]
[Round "1"]
[White "Prestel, Oliver"]
[Black "Wiesner, Alexander"]
[Result "1-0"]
[WhiteElo "2148"]
[BlackElo "1855"]
[PlyCount "67"]
[EventDate "2018.01.02"]
[EventType "swiss"]
[EventRounds "7"]
[EventCountry "GER"]
[SourceTitle "CBM 182 Extra"]
[Source "ChessBase"]
[SourceDate "2018.02.23"]
[SourceVersion "1"]
[SourceVersionDate "2018.02.23"]
[SourceQuality "1"]

1. d4 e6 2. Nf3 f5 3. g3 b6 4. Bg2 Bb7 5. 0-0 Nf6 6. c4 Be7 7. d5 0-0 8. Nc3 Bb4 9. Nd4 Qc8 10. Qb3 Bc5 11. Rd1 Bxd4 12. Rxd4 e5 13. Rh4 d6 14. e4 fxe4 15. Nxe4 Nbd7 16. Qc2 Qe8 17. Ng5 Qg6 18. Qxg6 hxg6 19. Bh3 Rfe8 20. Be6+ Kf8 21. Bf7 Rec8 22. Bxg6 Ke7 23. Bd2 Nf8 24. Bf5 Rd8 25. f4 N6d7 26. Re1 Re8 27. Bc3 Kf6 28. Be6 g6 29. fxe5+ dxe5 30. Rf1+ Ke7 31. Rf7+ Kd8 32. Bxd7 Nxd7 33. Ne6+ Kc8 34. Rhh7 1-0

[Event "Karl Mala Memorial op-A 17th"]
[Site "Frankfurt"]
[Date "2014.08.01"]
[Round "3"]
[White "Steffens, Olaf"]
[Black "Prestel, Oliver"]
[Result "1-0"]
[WhiteElo "2252"]
[BlackElo "2107"]
[PlyCount "81"]
[EventDate "2014.07.31"]
[EventType "swiss"]
[EventRounds "7"]
[EventCountry "GER"]
[SourceTitle "EXT 2015"]
[Source "ChessBase"]
[SourceDate "2014.11.20"]
[SourceVersion "1"]
[SourceVersionDate "2014.11.20"]
[SourceQuality "1"]

1. e4 c5 2. Nc3 Nc6 3. Bb5 Qc7 4. Nf3 Nf6 5. 0-0 e6 6. Bxc6 Qxc6 7. d4 Nxe4 8. Nxe4 Qxe4 9. Re1 Qg4 10. h3 Qh5 11. d5 d6 12. Bf4 Be7 13. Bxd6 Bxd6 14. dxe6 Be7 15. exf7+ Qxf7 16. Qd6 Kf8 17. Qc7 Be6 18. Ne5 Qf6 19. Re3 Rc8 20. Qxb7 Ke8 21. Qb5+ Kf8 22. Rf3 h5 23. Re1 Rh6 24. Nd7+ Bxd7 25. Qxd7 Re8 26. Rxf6+ Rxf6 27. Qxa7 Rf5 28. Qd7 g6 29. a4 Rf6 30. Re6 Rf7 31. Qd3 Rd8 32. Rxe7 Kxe7 33. Qxg6 Rd5 34. Qe4+ Kd6 35. Qg6+ Ke7 36. a5 Rf6 37. Qe4+ Kd6 38. a6 Rd1+ 39. Kh2 Ra1 40. Qb7 Ke5 41. Qe7+ 1-0

[Event "Wuerttemberg-ch MT"]
[Site "Lauffen am Neckar"]
[Date "2011.09.04"]
[Round "9"]
[White "Seyfried, Claus"]
[Black "Prestel, Oliver"]
[Result "1-0"]
[WhiteElo "2166"]
[BlackElo "2130"]
[PlyCount "59"]
[EventDate "2011.08.27"]
[EventType "swiss"]
[EventRounds "9"]
[EventCountry "GER"]
[SourceTitle "EXT 2017"]
[Source "ChessBase"]
[SourceDate "2016.10.25"]
[SourceVersion "1"]
[SourceVersionDate "2016.10.25"]
[SourceQuality "1"]

1. e4 c5 2. c3 Nf6 3. e5 Nd5 4. d4 cxd4 5. Nf3 Nc6 6. cxd4 d6 7. Bc4 Nb6 8. Bb5 dxe5 9. Nxe5 Bd7 10. Nxd7 Qxd7 11. Nc3 Rd8 12. 0-0 e6 13. Be3 Be7 14. Qg4 0-0 15. Rad1 f5 16. Qf3 a6 17. d5 Nxd5 18. Nxd5 exd5 19. Bc4 Kh8 20. Bxd5 Ne5 21. Qg3 Bf6 22. Bg5 Ng4 23. Bf3 Qb5 24. Bxf6 Nxf6 25. Rxd8 Rxd8 26. Qc7 Rd2 27. Qc8+ Ng8 28. Bxb7 Qxb2 29. Bxa6 Qxa2 30. Bc4 1-0

[Event "Wuerttemberg-ch MT"]
[Site "Lauffen am Neckar"]
[Date "2011.09.03"]
[Round "8"]
[White "Prestel, Oliver"]
[Black "Reimche, Vadim"]
[Result "1-0"]
[WhiteElo "2130"]
[BlackElo "2153"]
[PlyCount "55"]
[EventDate "2011.08.27"]
[EventType "swiss"]
[EventRounds "9"]
[EventCountry "GER"]
[SourceTitle "EXT 2017"]
[Source "ChessBase"]
[SourceDate "2016.10.25"]
[SourceVersion "1"]
[SourceVersionDate "2016.10.25"]
[SourceQuality "1"]

1. d4 Nf6 2. c4 c5 3. d5 b5 4. Nf3 g6 5. Qc2 d6 6. e4 bxc4 7. Bxc4 Nbd7 8. 0-0 Bg7 9. Bg5 0-0 10. Nbd2 h6 11. Bh4 Ng4 12. Rad1 Nde5 13. Rfe1 a5 14. Nxe5 Nxe5 15. f4 Nxc4 16. Nxc4 Ba6 17. e5 Bxc4 18. Qxc4 g5 19. fxg5 hxg5 20. Bxg5 Bxe5 21. Rxe5 dxe5 22. Bf6 Qd7 23. Rd3 Rfb8 24. Rg3+ Kf8 25. Bg7+ Ke8 26. Bxe5 Qb7 27. Rg8+ Kd7 28. Qa4+ 1-0

[Event "Wuerttemberg-ch MT"]
[Site "Lauffen am Neckar"]
[Date "2011.08.31"]
[Round "5"]
[White "Prestel, Oliver"]
[Black "Namyslo, Holger"]
[Result "0-1"]
[WhiteElo "2130"]
[BlackElo "2248"]
[PlyCount "59"]
[EventDate "2011.08.27"]
[EventType "swiss"]
[EventRounds "9"]
[EventCountry "GER"]
[SourceTitle "EXT 2017"]
[Source "ChessBase"]
[SourceDate "2016.10.25"]
[SourceVersion "1"]
[SourceVersionDate "2016.10.25"]
[SourceQuality "1"]

1. c4 e6 2. Nf3 d5 3. d4 c6 4. Nc3 Nf6 5. Bg5 dxc4 6. a4 Bb4 7. e4 Bxc3+ 8. bxc3 Qa5 9. e5 Ne4 10. Bd2 Qd5 11. a5 Nd7 12. Qa4 b5 13. axb6 Nxb6 14. Qa3 Bb7 15. Rb1 Nxc3 16. Rxb6 Qe4+ 17. Be3 Qc2 18. Qc1 Qxc1+ 19. Bxc1 axb6 20. Bxc4 0-0 21. Kd2 Nd5 22. Ng5 c5 23. dxc5 bxc5 24. Kc2 Bc6 25. Bd2 Rfd8 26. Rb1 h6 27. Nf3 Nb4+ 28. Kc3 Ra3+ 29. Rb3 Ra2 30. Nd4 0-1

[Event "Wuerttemberg-ch MT"]
[Site "Lauffen am Neckar"]
[Date "2011.08.29"]
[Round "3"]
[White "Prestel, Oliver"]
[Black "Weigand, Bernhard"]
[Result "0-1"]
[WhiteElo "2130"]
[BlackElo "2292"]
[PlyCount "86"]
[EventDate "2011.08.27"]
[EventType "swiss"]
[EventRounds "9"]
[EventCountry "GER"]
[SourceTitle "EXT 2017"]
[Source "ChessBase"]
[SourceDate "2016.10.25"]
[SourceVersion "1"]
[SourceVersionDate "2016.10.25"]
[SourceQuality "1"]

1. c4 e6 2. Nc3 d5 3. d4 c5 4. cxd5 cxd4 5. Qxd4 Nc6 6. Qa4 exd5 7. Nf3 Nf6 8. Bg5 Bb4 9. e3 0-0 10. Rd1 h6 11. Bh4 g5 12. Bg3 Ne4 13. Be5 Qe7 14. a3 Bxc3+ 15. Bxc3 Nxc3 16. bxc3 Qc5 17. Qb3 Be6 18. Nd4 Rac8 19. Rc1 Rfe8 20. Kd2 Nxd4 21. exd4 Qd6 22. g3 Rc6 23. Qb4 Qc7 24. Bb5 Bg4 25. Rhe1 Rxe1 26. Rxe1 Re6 27. Rxe6 fxe6 28. Bd3 Qf7 29. Kc1 Qxf2 30. Qxb7 Qe3+ 31. Kc2 Bd1+ 32. Kxd1 Qxd3+ 33. Ke1 Qxc3+ 34. Kf1 Qxd4 35. Qe7 Qg7 36. Qxe6+ Qf7+ 37. Qxf7+ Kxf7 38. Ke2 Kf6 39. Ke3 Ke5 40. a4 d4+ 41. Kd3 Kd5 42. h4 g4 43. h5 a5 0-1

[Event "Stuttgart-chA int"]
[Site "Gerlingen"]
[Date "2011.06.04"]
[Round "6"]
[White "Prestel, Oliver"]
[Black "Schaffert, Walter"]
[Result "1-0"]
[WhiteElo "2140"]
[BlackElo "1944"]
[PlyCount "49"]
[EventDate "2011.06.02"]
[EventType "swiss"]
[EventRounds "7"]
[EventCountry "GER"]
[SourceTitle "EXT 2018"]
[Source "ChessBase"]
[SourceDate "2017.10.13"]
[SourceVersion "1"]
[SourceVersionDate "2017.10.13"]
[SourceQuality "1"]

1. d4 e6 2. c4 b6 3. e4 Bb7 4. Bd3 f5 5. exf5 Bxg2 6. Qh5+ g6 7. fxg6 Bg7 8. gxh7+ Kf8 9. hxg8Q+ Kxg8 10. Qg4 Bxh1 11. Bg5 Qf8 12. Nd2 Bb7 13. h4 Qf7 14. Ne2 Nc6 15. 0-0-0 Qh5 16. Qg3 Nb4 17. Bb1 Rf8 18. Nf4 Rxf4 19. Qxf4 d6 20. Rg1 Qf7 21. Bf6 Rh7 22. a3 e5 23. dxe5 dxe5 24. Bxh7+ Kxh7 25. Qf5+ 1-0

[Event "Stuttgart-chA int"]
[Site "Gerlingen"]
[Date "2011.06.02"]
[Round "1"]
[White "Maisch, Julian"]
[Black "Prestel, Oliver"]
[Result "1-0"]
[WhiteElo "1913"]
[BlackElo "2140"]
[PlyCount "77"]
[EventDate "2011.06.02"]
[EventType "swiss"]
[EventRounds "7"]
[EventCountry "GER"]
[SourceTitle "EXT 2018"]
[Source "ChessBase"]
[SourceDate "2017.10.13"]
[SourceVersion "1"]
[SourceVersionDate "2017.10.13"]
[SourceQuality "1"]

1. e4 c5 2. Nf3 d6 3. d4 cxd4 4. Nxd4 Nf6 5. Nc3 a6 6. Bg5 e6 7. Qd2 Nbd7 8. Be2 Be7 9. 0-0-0 0-0 10. f3 Qa5 11. Nb3 Qc7 12. Bf4 e5 13. Be3 Nb6 14. g4 Be6 15. h4 Rfd8 16. Bd3 d5 17. exd5 Nbxd5 18. Nxd5 Nxd5 19. Kb1 a5 20. a3 a4 21. Nc1 b5 22. Na2 Rab8 23. c3 Nb6 24. Bxb6 Rxb6 25. Qe2 Bb3 26. Rde1 Bc4 27. Bxc4 bxc4 28. Nb4 Bxb4 29. cxb4 f6 30. Rc1 Rc6 31. Rhd1 Rc8 32. Rc3 Qa7 33. Rdc1 Qd4 34. Qc2 h5 35. gxh5 Qxh4 36. Qg6 Kf8 37. Rg1 R8c7 38. Rd1 Rc8 39. Rd7 1-0

[Event "Wuerttemberg-ch MT"]
[Site "Stuttgart"]
[Date "2010.09.02"]
[Round "6"]
[White "Schmidt, Olaf"]
[Black "Prestel, Oliver"]
[Result "1-0"]
[WhiteElo "2182"]
[BlackElo "2134"]
[PlyCount "86"]
[EventDate "2010.08.28"]
[EventType "swiss"]
[EventRounds "9"]
[EventCountry "GER"]
[SourceTitle "EXT 2017"]
[Source "ChessBase"]
[SourceDate "2016.10.25"]
[SourceVersion "1"]
[SourceVersionDate "2016.10.25"]
[SourceQuality "1"]

1. d4 d5 2. c4 c6 3. e3 Nf6 4. Nc3 a6 5. Bd3 dxc4 6. Bxc4 b5 7. Be2 Nbd7 8. Bf3 Bb7 9. g4 h6 10. h4 Qc7 11. e4 e5 12. d5 b4 13. dxc6 Bxc6 14. Nd5 Qa5 15. g5 hxg5 16. hxg5 Rxh1 17. Bxh1 Nxd5 18. exd5 Bb7 19. g6 f6 20. Be3 Rc8 21. Qg4 Bxd5 22. Rd1 b3+ 23. Bd2 Qb5 24. a4 Qc4 25. Qxc4 Bxc4 26. Rc1 Bc5 27. Be4 Nb6 28. Ba5 Bd5 29. Rxc5 Rxc5 30. Bxb6 Rc1+ 31. Kd2 Rxg1 32. Bxd5 Rxg6 33. a5 f5 34. Bxb3 Rg4 35. Be6 g6 36. Bc8 Ke7 37. Bxa6 Kd6 38. Bb7 Rb4 39. Kc3 Rb5 40. b4 e4 41. Bc5+ Kc7 42. Bd5 e3 43. fxe3 g5 1-0

[Event "Wuerttemberg-ch MT"]
[Site "Stuttgart"]
[Date "2010.08.31"]
[Round "4"]
[White "Ruprich, Udo"]
[Black "Prestel, Oliver"]
[Result "0-1"]
[WhiteElo "1979"]
[BlackElo "2134"]
[PlyCount "68"]
[EventDate "2010.08.28"]
[EventType "swiss"]
[EventRounds "9"]
[EventCountry "GER"]
[SourceTitle "EXT 2017"]
[Source "ChessBase"]
[SourceDate "2016.10.25"]
[SourceVersion "1"]
[SourceVersionDate "2016.10.25"]
[SourceQuality "1"]

1. e4 c5 2. Nf3 a6 3. a4 Nc6 4. Bc4 e6 5. Nc3 Nf6 6. d3 d5 7. exd5 exd5 8. Ba2 h6 9. h3 Qd6 10. Ne2 g5 11. c3 Be6 12. d4 c4 13. Bb1 Bg7 14. Ng3 0-0 15. 0-0 Rfe8 16. Re1 Bd7 17. Be3 Re7 18. Bf5 Rae8 19. Qc2 Rxe3 20. Rxe3 Rxe3 21. Bxd7 Rxf3 22. Bxc6 Rxg3 23. Bxb7 Rd3 24. Re1 Qf4 25. Re2 g4 26. g3 Qf5 27. h4 Ne4 28. Bxa6 Nxg3 29. fxg3 Rxg3+ 30. Kh2 Qf4 31. Rf2 Rh3+ 32. Kg2 Qg3+ 33. Kf1 Rh1+ 34. Ke2 Qxf2+ 0-1

[Event "Wuerttemberg-ch MT"]
[Site "Stuttgart"]
[Date "2010.08.30"]
[Round "3"]
[White "Prestel, Oliver"]
[Black "Amos, Frank"]
[Result "0-1"]
[WhiteElo "2134"]
[BlackElo "2141"]
[PlyCount "42"]
[EventDate "2010.08.28"]
[EventType "swiss"]
[EventRounds "9"]
[EventCountry "GER"]
[SourceTitle "EXT 2017"]
[Source "ChessBase"]
[SourceDate "2016.10.25"]
[SourceVersion "1"]
[SourceVersionDate "2016.10.25"]
[SourceQuality "1"]

1. d4 d5 2. c4 c6 3. Nf3 Nf6 4. Nc3 dxc4 5. a4 Bg4 6. e4 e6 7. Bxc4 Bb4 8. Qb3 Qb6 9. Ne5 Bh5 10. f3 0-0 11. Be3 Nbd7 12. Nd3 Ba5 13. Qa3 Qd8 14. 0-0 Bc7 15. a5 Bg6 16. a6 b5 17. Ba2 Qb8 18. Nb4 Bxh2+ 19. Kh1 Qg3 20. Bf2 Qf4 21. Bg1 Bg3 0-1

[Event "Wuerttemberg-ch Cand"]
[Site "Lindau"]
[Date "2009.09.03"]
[Round "6"]
[White "Prestel, Oliver"]
[Black "Gibicar, Marc"]
[Result "1-0"]
[WhiteElo "2173"]
[BlackElo "1951"]
[PlyCount "59"]
[EventDate "2009.08.29"]
[EventType "swiss"]
[EventRounds "9"]
[EventCountry "GER"]
[SourceTitle "EXT 2023"]
[Source "ChessBase"]
[SourceDate "2022.10.05"]
[SourceVersion "1"]
[SourceVersionDate "2022.10.05"]
[SourceQuality "1"]

1. d4 Nf6 2. c4 e6 3. g3 Bb4+ 4. Bd2 Qe7 5. Bg2 Bxd2+ 6. Qxd2 d6 7. Nc3 a5 8. Nf3 0-0 9. 0-0 e5 10. e4 c6 11. Rfe1 Bg4 12. Nh4 g6 13. f4 exf4 14. Qxf4 Qe6 15. h3 Bxh3 16. Bxh3 Qxh3 17. Qxf6 Qxg3+ 18. Ng2 Nd7 19. Qe7 Nb6 20. Re3 Qg4 21. b3 f5 22. Qe6+ Kg7 23. Rf1 Rae8 24. Qxd6 g5 25. Rg3 Qh5 26. exf5 Nc8 27. f6+ Kh8 28. Qd7 Qg6 29. d5 Rxf6 30. Rxf6 1-0

[Event "Wuerttemberg-ch Cand"]
[Site "Lindau"]
[Date "2009.08.31"]
[Round "3"]
[White "Prestel, Oliver"]
[Black "Steinbach, Peter"]
[Result "1-0"]
[WhiteElo "2173"]
[BlackElo "2064"]
[PlyCount "49"]
[EventDate "2009.08.29"]
[EventType "swiss"]
[EventRounds "9"]
[EventCountry "GER"]
[SourceTitle "EXT 2023"]
[Source "ChessBase"]
[SourceDate "2022.10.05"]
[SourceVersion "1"]
[SourceVersionDate "2022.10.05"]
[SourceQuality "1"]

1. d4 c5 2. d5 g6 3. e4 d6 4. c4 Bg7 5. Nf3 e6 6. Nc3 Ne7 7. h3 0-0 8. Bf4 e5 9. Bg5 h6 10. Bh4 Na6 11. g4 Bd7 12. Be2 g5 13. Bg3 Ng6 14. h4 Bxg4 15. hxg5 hxg5 16. Qd2 Nf4 17. Bxf4 exf4 18. Nh2 Bxe2 19. Qxe2 Re8 20. Ng4 Qa5 21. Nh6+ Kf8 22. Qh5 Qc7 23. Nb5 Qe7 24. Nxd6 Red8 25. Nhf5 1-0

[Event "Wuerttemberg-ch Cand"]
[Site "Lindau"]
[Date "2009.08.30"]
[Round "2"]
[White "Fruehsorger, Dieter"]
[Black "Prestel, Oliver"]
[Result "1-0"]
[WhiteElo "1884"]
[BlackElo "2173"]
[PlyCount "115"]
[EventDate "2009.08.29"]
[EventType "swiss"]
[EventRounds "9"]
[EventCountry "GER"]
[SourceTitle "EXT 2023"]
[Source "ChessBase"]
[SourceDate "2022.10.05"]
[SourceVersion "1"]
[SourceVersionDate "2022.10.05"]
[SourceQuality "1"]

1. e4 c5 2. d4 cxd4 3. c3 Nf6 4. e5 Nd5 5. Nf3 d6 6. Bc4 Nb6 7. Bb3 Nc6 8. exd6 Qxd6 9. cxd4 Be6 10. 0-0 Bxb3 11. Qxb3 Nxd4 12. Nxd4 Qxd4 13. Be3 Qf6 14. Rd1 Qe6 15. Qb5+ Qc6 16. Na3 e6 17. Rac1 Qxb5 18. Nxb5 Nd5 19. Rxd5 exd5 20. Nc7+ Kd7 21. Nxa8 Bd6 22. Nb6+ axb6 23. Bxb6 Re8 24. Kf1 Re4 25. b3 Rb4 26. Bc5 Re4 27. Bxd6 Kxd6 28. Re1 Kc5 29. a3 Rxe1+ 30. Kxe1 Kd4 31. Kd2 h5 32. h4 f6 33. f4 Ke4 34. a4 f5 35. Kc3 d4+ 36. Kd2 Kxf4 37. b4 Kg3 38. a5 Kxg2 39. b5 f4 40. a6 f3 41. axb7 f2 42. b8Q f1Q 43. Qb7+ Kh3 44. Qd7+ Kh2 45. Qd6+ Kh3 46. Qe6+ Kxh4 47. Qe1+ Qxe1+ 48. Kxe1 g5 49. b6 g4 50. b7 g3 51. Kf1 Kh3 52. Kg1 Kg4 53. b8Q h4 54. Qb4 h3 55. Qxd4+ Kf3 56. Qd3+ Kf4 57. Qe2 Kg5 58. Qf3 1-0